000 00354nam a2200133Ia 4500
008 240624s9999 xx 000 0 und d
041 _aeng
082 _a332 PES
100 _aPESENDORFER DIETER
245 _aFINANCIAL MARKETS DIS INTEGRATION IN A P
260 _c2020
_aSwitzerland
_bPalgrave Macmillan
300 _av,377P. ;23cm.
365 _cERU
_b33
999 _c32631
_d32631